| 000 | 00628cam a2200265ua 4500 | ||
|---|---|---|---|
| 020 | _c70.00 | ||
| 041 |
_aeng _h |
||
| 082 |
_a604.2 _bJOH/EN |
||
| 100 | _aJohn, K C . | ||
| 245 |
_aEngineering graphics Part l,ll / _cK C John. _hTextual Documents |
||
| 250 |
_a5 / _b. |
||
| 260 |
_aTrichur : _bJovast publishers , _c1993. |
||
| 300 | _a260 ; . | ||
| 365 | _a70.00 | ||
| 500 | _a*CSS | ||
| 504 | _a | ||
| 700 | 1 | _aVarghese, P I . | |
| 942 | _cBK | ||
| 999 |
_c10948 _d10948 |
||